| 000 | 00359nam a2200133 i 4500 | ||
|---|---|---|---|
| 001 | bg | ||
| 100 | 1 | _aMOREL, Stefan | |
| 245 | 0 |
_aOpatoznawstwo i urządzenia cieplne : _baparatura i przeprowadzanie pomiarów / _cStefan Morel. |
|
| 260 |
_aCzęstochowa, _c1973. |
||
| 040 | _cBPK | ||
| 041 | _apol | ||
| 942 | _cKS | ||
| 008 | s pl f |000 0 pol | ||
| 999 |
_c26013 _d26013 |
||
| 856 |
_uhttp://koha.tu.koszalin.pl/cgi-bin/koha/opac-detail.pl?biblionumber=26013 _yKatalog online BPK |
||